Normal view
MARC view
- MOSS,S.ERIC ROBB
Entry Personal Name
001 - CONTROL NUMBER
- control field: 91696
003 - CONTROL NUMBER IDENTIFIER
- control field: NUST
005 - DATE AND TIME OF LATEST TRANSACTION
- control field: 20220520143910.0
008 - FIXED-LENGTH DATA ELEMENTS
- fixed length control field: 220520|| aca||aabn | a|a d
040 ## - CATALOGING SOURCE
- Original cataloging agency: NUST
- Transcribing agency: NUST
100 ## - HEADING--PERSONAL NAME
- Personal name: MOSS,S.ERIC ROBB
670 ## - SOURCE DATA FOUND
- Source citation: Work cat.: (NUST): MOSS,S.ERIC ROBB., APPLIED CIVIL ENGINEERING RISK ANALYSIS /, 2013.
